Vybrané problémy implementácie nástrojov umelej inteligencie v procese náboru

Salvato in:
Dettagli Bibliografici
Autore principale: Olexová, Cecília, 1976-
Altri autori: Boateng, Philipp
Natura: Capitolo di libro
Lingua:slovacco
inglese
Soggetti:
Tags: Aggiungi Tag
Nessun Tag, puoi essere il primo ad aggiungerne!!

MARC

LEADER 00000naa$a2200000$$$4500
001 0299782
005 20260217103227.3
041 0 |a slo 
041 0 |a eng 
044 |a SK 
245 1 0 |a Vybrané problémy implementácie nástrojov umelej inteligencie v procese náboru  |c Cecília Olexová, Philipp Boateng 
500 |a abstrakt 
610 2 0 |a inteligencia umelá 
610 2 0 |a nábor pracovníkov 
610 2 0 |a zdroje ľudské 
100 1 |a Olexová, Cecília, 1976- 
700 1 |a Boateng, Philipp